Reflexiones sobre paradigmas concursales en el derecho argentino y americano (Registro nro. 21174)
[ vista simple ]
| 000 -LEADER | |
|---|---|
| fixed length control field | 00372 a2200109 4500 |
| 001 - CONTROL NUMBER | |
| control field | ART_42597 |
| 005 - DATE AND TIME OF LATEST TRANSACTION | |
| control field | 20260410161808.0 |
| 008 - FIXED-LENGTH DATA ELEMENTS--GENERAL INFORMATION | |
| fixed length control field | 260409a |
| 100 1# - MAIN ENTRY--PERSONAL NAME | |
| Personal name | Truffat, Edgardo Daniel |
| 245 10 - TITLE STATEMENT | |
| Title | Reflexiones sobre paradigmas concursales en el derecho argentino y americano |
| 773 0# - HOST ITEM ENTRY | |
| Title | Doctrina Societaria y Concursal |
| Related parts | - Nº 270 (may. 2010) |
| Record control number | REV4298 |
No hay ítems disponibles.